Largest U.S. Law Enforcement Agencies - Statistics

General Stats
  • This quiz has been taken 1,964 times
  • The average score is 7 of 15
Answer Stats
Sworn Officers Agency Jurisdiction % Correct
36,000 New York Police Department City Agency
98%
10,000 Los Angeles Police Department City Agency
89%
12,500 Chicago Police Department City Agency
88%
5,318 Houston Police Department City Agency
66%
3,511 Dallas Police Department City Agency
64%
7,600 California Highway Patrol State Agency
53%
6,500 Philadelphia Police Department City Agency
51%
3,800 Metropolitan Police Department of the District of Columbia City Agency
43%
2,979 Phoenix Police Department City Agency
38%
3,012 Baltimore Police Department City Agency
31%
9,100 Los Angeles County Sheriff's Department County Agency
29%
3,034 Miami-Dade Police Department County Agency
24%
4,676 New York State Police State Agency
21%
6,900 Cook County (Illinois) Sheriff's Office County Agency
20%
4,677 Pennsylvania State Police State Agency
16%
No matching quizzes found
Score Distribution
Percent of People with Each Score
Percentile by Number Answered
Your Score History
You have not taken this quiz